书目信息 |
| 题名: |
绿色阳台小菜园
|
|
| 作者: | 王久兴 著 | |
| 分册: | ||
| 出版信息: | 天津 天津科学技术出版社 2002 |
|
| 页数: | 366页 | |
| 开本: | 20cm | |
| 丛书名: | ||
| 单 册: | ||
| 中图分类: | S63 , S626 | |
| 科图分类: | ||
| 主题词: | 蔬菜--栽培 , 蔬菜 , 园艺--温室栽培 , 园艺--设施 , 保护地栽培 | |
| 电子资源: | ||
| ISBN: | 7-5308-3135-6 | |
| 000 | 00836nam0 2200277 450 | |
| 001 | 1533809130 | |
| 005 | 20150131102955.90 | |
| 010 | @a7-5308-3135-6@dCNY18.00 | |
| 100 | @a20020219d2002 em y0chiy0110 ea | |
| 101 | 0 | @achi |
| 102 | @aCN@b120000 | |
| 105 | @aa z 000yy | |
| 200 | 1 | @a绿色阳台小菜园@9lv se yang tai xiao cai yuan@f王久兴著 |
| 210 | @a天津@c天津科学技术出版社@d2002 | |
| 215 | @a366页@c图@d20cm | |
| 330 | @a本书包括:育苗技术、水培、蔬菜病虫害无公害防治、瓜类蔬菜栽培技术、绿叶蔬菜栽培技术、白菜类蔬菜栽培技术、芽苗类蔬菜栽培技术等内容。 | |
| 606 | 0 | @a蔬菜@x栽培 |
| 606 | 0 | @a蔬菜 |
| 606 | 0 | @a园艺@x温室栽培 |
| 606 | 0 | @a园艺@x设施 |
| 606 | 0 | @a保护地栽培 |
| 690 | @aS63@v5 | |
| 690 | @aS626@v4 | |
| 701 | 0 | @a王久兴@9wang jiu xing@4著 |
| 801 | 0 | @aCN@bTSSF@c20150131 |
| 905 | @aZUCC@dS626@eJY31 | |
| 绿色阳台小菜园/王久兴著.-天津:天津科学技术出版社,2002 |
| 366页:图;20cm |
| ISBN 7-5308-3135-6:CNY18.00 |
| 本书包括:育苗技术、水培、蔬菜病虫害无公害防治、瓜类蔬菜栽培技术、绿叶蔬菜栽培技术、白菜类蔬菜栽培技术、芽苗类蔬菜栽培技术等内容。 |
| ● |
| 相关链接 |
|
|
|
|
正题名:绿色阳台小菜园
索取号:S626/JY31
 
预约/预借
| 序号 | 登录号 | 条形码 | 馆藏地/架位号 | 状态 | 备注 |
| 1 | 7862162 | 278621626 | 学院路分馆/ [索取号:S626/JY31] | 在馆 | |
| 2 | 7862166 | 278621662 | 学院路分馆/ [索取号:S626/JY31] | 在馆 | |
| 3 | 7862167 | 278621671 | 学院路分馆/ [索取号:S626/JY31] | 在馆 | |
| 4 | 7862168 | 278621680 | 学院路分馆/ [索取号:S626/JY31] | 在馆 |